000 00594nam a2200229 a 4500
001 nice12345678
003 IN_TiNIC
005 20260116013138.0
008 050524s1978 lona grp 000 0 eng
020 _a
_c225
082 0 0 _a297.4
_bSHA20
100 _aShah, Idries
245 _aVeiled Gazelle
_b Seeing How to See
260 _aLondon
_bOctagon Press
_c1978
300 _a103p
500 _aincludes index and biblioraphy
505 2 _aEnglish Rendering Muhammad Akbnar Muradpuri, Abul Aziz Kamal
700 1 _aShah, Idries
902 _bSRS
942 _cBK
999 _c9849
_d9849